000 01120nam0a22002891 4500
001 rc\196258
005 20250612170441.0
035 _a(NLR Aleph) 008741979
090 _a9535634
_c9535634
100 _a20030307d1991 |||y0rusy50 ca
101 0 _arus
102 _aRU
105 _aa |||||||||
200 1 _aСегментация изображений посредством разметки точек областей
210 _aТашкент
_cФан
_d1991
215 _a16 с.
_cил.
_d20
225 1 _aИнформационные сообщения
_fАН УзССР, Узб. науч.-произв. об-ние "Кибернетика", Ин-т кибернетики с ВЦ
_v№ 506
300 _aОписано по 1 с. На обл. только загл. сер.
606 1 _aИзображение
_xСегментация
_2nlr_sh1
700 1 _aСадыков
_bС.С.
_gСултан Сидыкович
701 1 _aТен
_bГ.П.
801 0 _aRU
_bNLR
_gpsbo
801 1 _aRU
_bELAR
_2rusmarc
801 2 _aRU
_bNLR
_c20050407
_2rusmarc
852 _aNLR
_jП7/1244
942 _cBOOK
980 _aNB